| 000 | 01567nam a22002777a 4500 | ||
|---|---|---|---|
| 005 | 20240812115108.0 | ||
| 008 | 230421b ||||| |||| 00| 0 eng d | ||
| 040 | _cAL | ||
| 041 | _akannada | ||
| 082 |
_223 _a954K _bSALB |
||
| 100 |
_aBS Salimata: _9176504 |
||
| 100 |
_991729 _d ಬಿ ಎಸ್ ಸಾಲಿಮಠ |
||
| 245 |
_aBharathada rajakiya ithihasa: Sindhu nagarikatheyinda sa sha 1206 ra vareghe _bಭಾರತದ ರಾಜಕೀಯ ಇತಿಹಾಸ: ಸಿಂಧೂ ನಾಗರಿಕೆಯಿಂದ ಸಾ ಶ 1206 ರ ವರೆಗೆ |
||
| 260 |
_aKalaburgi _bSS Bhavikatti Prakashana _c2022 |
||
| 300 |
_axii,364p. _bPB _c21x14cm. |
||
| 365 |
_2History _b300.00 _c₹ _d300.00 |
||
| 520 | _aಘಟಕ-೧ ಹರಪ್ಪ ಮತ್ತು ವೈದಿಕ ನಾಗರೀಕತೆ ಘಟಕ-೨ ಸಿಂಧೂ -ಗಂಗಾ ನದಿ ಬಯಲಿನಲ್ಲಿ ರಾಜ್ಯದ ರಚನೆ, ಸಾಮಾಜಿಕ, ರಾಜಕೀಯ ಸ್ವರೂಪ ಘಟಕ-೩ ಭಾರತದ ರಾಜಕೀಯ | ||
| 650 |
_aJaina Dharma mattu Bauddha Dharma: ಜೈನ ಧರ್ಮ ಮತ್ತು ಬೌದ್ಧಧರ್ಮ _991513 |
||
| 650 |
_aPolitical History of India _991545 |
||
| 650 |
_aAshokana Shasanagalu: ಅಶೋಕನ ಶಾಸನಗಳು _991514 |
||
| 650 |
_aChera Chola mattu Pandyaru: ಚೇರ ಚೋಳ ಮತ್ತು ಪಾಂಡ್ಯರು _991515 |
||
| 650 |
_aIII SEM BA NEP _991516 |
||
| 650 |
_a DSC-5 _991517 |
||
| 700 |
_aSALIMATA (B S): ಸಾಲಿಮಠ ( ಬಿ ಎಸ್) _991519 |
||
| 942 |
_2ddc _cDB |
||
| 999 |
_c227249 _d227249 |
||